Normal view
MARC view
- تاليف اللصاصمة، حسن حرب
Entry Personal Name
001 - CONTROL NUMBER
- control field: 46479
003 - CONTROL NUMBER IDENTIFIER
- control field: JO-AjAnu
005 - DATE AND TIME OF LATEST TRANSACTION
- control field: 20230606081700.0
008 - FIXED-LENGTH DATA ELEMENTS
- fixed length control field: 230606|| aca||aabn | a|a d
040 ## - CATALOGING SOURCE
- Original cataloging agency: JO-AjAnu
- Transcribing agency: JO-AjAnu
100 ## - HEADING--PERSONAL NAME
- Personal name: تاليف اللصاصمة، حسن حرب
670 ## - SOURCE DATA FOUND
- Source citation: Work cat.: (JO-AjAnu)23791: تاليف اللصاصمة، حسن حرب, author, الفكر القضائي العربي وسط الجزيرة العربية قبل الاسلام = Arabic Judicial Thought in The Middle of The Arabian Island Before Islam